| 000 | 02549cam a22005534i 4500 | ||
|---|---|---|---|
| 003 | PE-LiUPU | ||
| 005 | 20250731173407.0 | ||
| 008 | 150706s2003 sp rb 000 0 spa d | ||
| 020 | _a9788482673301 | ||
| 035 | _a(Sirsi) i9788482673301 | ||
| 040 |
_aPE-LiUPU _bspa _cPE-LiUPU _erda |
||
| 049 | _aPRUA | ||
| 082 | 0 | 4 |
_a266 _bG81 _221 |
| 100 | 1 |
_aGreen, Michael, _d1930-, _eautor. |
|
| 245 | 1 | 1 |
_a¿Cómo llegar a ellos? : _bdefendamos y comuniquemos la fe cristiana a los no creyentes / _cMichael Green y Alister McGrath. |
| 264 | 1 |
_aBarcelona : _bCLIE, _c2003. |
|
| 300 |
_a224 páginas ; _c23 centímetros |
||
| 336 |
_atext _2rdacontent |
||
| 337 |
_aunmediated _2rdamedia |
||
| 338 |
_avolume _2rdacarrier |
||
| 504 | _aIncluye bibliografía. | ||
| 505 | 0 | _aEmpecemos donde está la gente -- ¿Por qué hay gente no cristiana? -- El arte de construir puentes -- Construir puentes entre el evangelio y -- Construir puentes entre el evangelio y otras religiones -- Confianza en el cristianismo en una era pluralista -- Apologética en la vida de la iglesia -- Apologética entre la gente que no suele leer -- La vida continúa. | |
| 526 | _aSEG42 | ||
| 526 | _aSEG41 | ||
| 526 | _aSEG40 | ||
| 526 | _aSEG39 | ||
| 526 | _aP94 | ||
| 526 | _aP87 | ||
| 526 | _aP86 | ||
| 526 | _aP85 | ||
| 526 | _aP77 | ||
| 526 | _aP76 | ||
| 526 | _aP35 | ||
| 541 | _g0010000548; | ||
| 541 | _g001-001102; | ||
| 650 | 0 | 4 |
_aEvangelismo. _9953 |
| 650 | 0 | 4 |
_aCristianismo y otras religiones. _91630 |
| 650 | 0 | 4 |
_aApologética. _92321 |
| 650 | 0 | 4 |
_aPluralismo religioso _xCristianismo. |
| 700 | 1 |
_aMcGrath, Alister E., _d1953-, _eautor. |
|
| 910 |
_agl _bjv _clch _d20110821 |
||
| 942 |
_2ddc _cBOOK |
||
| 949 |
_a266 G81 _wDEWEY _c1 _i63919 _lCCODEBUL1 _mBUL _p15.00 _r0 _sY _tBOOK _u2015-7-6 _xTEOLOGIA _PP35 _o.STAFF. Colección General |
||
| 949 |
_a266 G81 _wDEWEY _c2 _i63375 _lCCODEBUL1 _mBUL _p15.00 _r0 _sY _tBOOK _u2015-7-6 _xTEOLOGIA _PP35 _o.STAFF. Colección General |
||
| 994 |
_aC0 _bPEPRU |
||
| 596 | _a1 | ||
| 999 |
_a266 G81 _wDEWEY _c52337 _i63919 _d52337 _f2021-11-10 _g5 _lCCODEBUL1 _mBUL _p15.00 _q2 _r0 _sY _tBOOK _u2015-7-6 _xTEOLOGIA _PP35 _0COMPRA _o.STAFF. Colección Teología |
||
| 999 |
_a266 G81 _wDEWEY _c2 _i63375 _d2017-5-12 _e2017-5-9 _f2021-11-10 _g5 _lCCODEBUL1 _mBUL _n3 _p15.00 _q1 _r0 _sY _tBOOK _u2015-7-6 _xTEOLOGIA _PP35 _0COMPRA _o.STAFF. Colección Teología |
||
| 980 |
_81 _gALBERTO SANCHEZ Responsable de Automatización |
||